Na zidovima naši tragovi

Elmentve itt :
Bibliográfiai részletek
Szerző: Forró Lajos
Dokumentumtípus: Cikk
Megjelent: Belvedere Meridionale Szeged 1999
Sorozat:Belvedere Meridionale 11 No. 5-6
Kulcsszavak:Jugoszlávia története
Tárgyszavak:
Online Access:http://acta.bibl.u-szeged.hu/4716
LEADER 00690nab a2200193 i 4500
001 acta4716
005 20250804111204.0
008 161015s1999 hu o 000 hun d
040 |a SZTE Egyetemi Kiadványok Repozitórium  |b hun 
041 |a hun 
100 1 |a Forró Lajos 
245 1 0 |a Na zidovima naši tragovi  |h [elektronikus dokumentum] /  |c  Forró Lajos 
260 |a Belvedere Meridionale  |b Szeged  |c 1999 
300 |a 63-67 
490 0 |a Belvedere Meridionale  |v 11 No. 5-6 
650 4 |a Bölcsészettudományok 
650 4 |a Történettudomány és régészet 
695 |a Jugoszlávia története 
856 4 0 |u http://acta.bibl.u-szeged.hu/4716/1/belvedere_1999_005_006_063-067.pdf  |z Dokumentum-elérés